El discurso vacío

Saved in:
Bibliografiske detaljer
Hovedforfatter: Levrero, Mario Varlotta Levrero, Jorge Mario (Author)
Format: Bog
Sprog:spansk
Udgivet: Buenos Aires Mondadori 2011
Udgivelse:1a. ed
Serier:Literatura Mondadori
Fag:
Tags: Tilføj Tag
Ingen Tags, Vær først til at tagge denne postø!

MARC

LEADER 00000cam a2200000 a 4500
001 UCG8583
003 CL-VaPUC
008 111223e20110000AG |||||||||||||||||spa|d
020 |a 9789876580861 
082 0 4 |a Ur863  |b LEV  |2 21 
100 |a Levrero, Mario  |e author  |q Varlotta Levrero, Jorge Mario   |9 563691 
245 1 3 |a El discurso vacío 
250 |a 1a. ed 
300 |a 203 p 
942 |c BK 
945 |d 20111223 00:00:00  |a cmena 
260 |a Buenos Aires  |b Mondadori  |c 2011 
650 0 |a Novelas uruguayas  |9 317140 
650 0 |a Literatura uruguaya  |9 342815 
650 0 |a Narrativa uruguaya  |9 559671 
583 |a last modification  |c 20111223 12:06:00  |k Rodrigo Vera 
490 0 |a Literatura Mondadori 
999 |c 346189  |d 346187 
952 |0 0  |1 0  |4 0  |6 UR_863_000000000000000_LEV_2011  |7 0  |8 A  |9 446775  |a FDOPOS  |b FDOPOS  |d 2019-11-22  |i 4817559  |o Ur863 LEV 2011  |p 4817559  |r 2025-01-22  |w 2019-11-22  |y BK  |k DLH